000 00565nam a2200217Ia 4500
005 20260629163254.0
008 260629s9999||||xx |||||||||||||| ||und||
020 _a9781444759549
_qhb
082 _a153.42
_bDOB
100 _aDobelli, Rolf
245 4 _aThe art of thinking clearly
260 _aLondon
_bSceptre
_c2013
300 _ax, 326p. ; 18cm.
653 _aCognitive biases
653 _aCritical thinking
653 _aDecision making
653 _aReasoning
653 _aThought and thinking
700 _aGriffin, Nicky [tr.]
942 _cBK
999 _c57319
_d57319